| 000 -LEADER |
| fixed length control field |
01229nam a22001457a 4500 |
| 008 - FIXED-LENGTH DATA ELEMENTS--GENERAL INFORMATION |
| fixed length control field |
250822b ||||| |||| 00| 0 eng d |
| 100 ## - MAIN ENTRY--PERSONAL NAME |
| Personal name |
Coelho, Joanna Pereira and Nilofer, N. |
| 245 ## - TITLE STATEMENT |
| Title |
Agency, Accommodation and negotiations: The dialectics of non-assimilation for economic relations between tibetan refugee and Indian hosts |
| 260 ## - PUBLICATION, DISTRIBUTION, ETC. (IMPRINT) |
| Place of publication, distribution, etc |
Vikalpa: The Journal for Decision Makers |
| 300 ## - PHYSICAL DESCRIPTION |
| Extent |
50(2), Apr-Jun, 2025: p131-139 |
| 520 ## - SUMMARY, ETC. |
| Summary, etc |
One of the hallmarks of the Tibetan exile situation is that it has been organised on the principle of non-assimilation. This has allowed the Tibetan refugee to use their agency to ensure the sustenance of Tibetan culture and religion in exile. This is in keeping with Arendt’s apprehension that assimilation with the host society can lead to a dilution of the culture of the refugee. Through a qualitative study of Tibetan settlements in Karnataka and Goa, this paper enquires into the socio-economic consequences of the policy of non-assimilation for both the Tibetan refugees and the Indian hosts. - Reproduced |
| 650 ## - SUBJECT ADDED ENTRY--TOPICAL TERM |
| Topical term or geographic name as entry element |
Non-assimilation, conflict, refugee, accommodation, agency, tibetan |
| 9 (RLIN) |
56273 |
| 942 ## - ADDED ENTRY ELEMENTS (KOHA) |
| Item type |
Articles |